Ginecóloga y obstetricia : (Registro nro. 11039)

Detalles MARC
000 -LIDER
fixed length control field 01120cam a2200349 i 4500
001 - NÚMERO DE CONTROL
Identificador de número de control 0000575
003 - IDENTIFICACDOR DE NÚMERO DE CONTROL
control field DO-SdBNP
005 - DATE AND TIME OF LATEST TRANSACTION
control field 20171110115021.0
007 - CAMPOS FIJOS DE DESCRIPCIÓN FÍSICA
fixed length control field 0000575
008 - ELEMENTOS DE LONGITUD FIJA
fixed length control field 100514s 1970 sp a 000 f spa
015 ## - NÚMERO DENTRO DE LA BIBLIOGRAFÍA NACIONAL
National bibliography number
017 ## - NÚMERO DE REGISTRO DE DERECHOS DE AUTOR
Copyright or legal deposit number
Assigning agency
035 ## - NÚMERO LOCAL
System control number
040 ## - FUENTE DE CATALOGACIÓN
Agencia que crea de manera original el registro BPMSU
Idioma de catalogación spa
Agencia que realiza la transcripción BPMSU
Convenciones de la despripción
080 ## - NÚMERO DE CLASIFICACIÓN DECIMAL UNIVERSAL
Universal Decimal Classification number
082 #4 - NÚMERO DE CLASIFICACIÓN DECIMAL DE DEWEY
Classification number 618.1
Item number N935g, `1970
100 1# - ASIENTO PRINCIPAL -- NOMBRE PERSONAL
Nombre personal Novak, Edmund R.
240 10 - TITULO UNIFORME
Título uniforme Novak´s gynecologic and obstetric pathology
Idioma de una obra Español
245 10 - MENCIÓN DE TITULO
Título Ginecóloga y obstetricia :
Subtítulo tratado anatomopatológico, clínico y endocrinológico, de Novak /
Mención de responsabilidad Edmund R. Novak, Donald Woodruff ; traducción Manuel Martinez de Victoria Juguera
250 ## - MENCIÓN DE EDICION
Mención de edición 3a. ed.
260 0# - PUBLICACIÓN, DISTRIBUCIÓN, ETC. (PIE DE IMPRENTA)
Lugar de publicación, distribución, etc Madrid :
Nombre del editor, distribuidor, etc. Alhambra,
Fecha de publicación, distribución, etc 1970.
300 ## - DESCRIPCIÓN FÍSICA
Extensión 768 p. :
Otros detalles físicos il.
Dimensiones 22 m
500 ## - NOTA GENERAL
Nota general Incluye índice
504 ## - NOTA DE BIBLIOGRAFÍA, ETC.
Bibliography, etc Incluye bibliografía al final de los capítulos
650 #4 - ENCABEZAMIENTO DE MATERIA--TEMÁTICO
Término temático o nombre geográfico como elemento de entrada GINECOLOGÍA
700 12 - ASIENTO SECUNDARIO -- NOMBRE PERSONAL
Nombre personal Woodruff, Donald
700 12 - ASIENTO SECUNDARIO -- NOMBRE PERSONAL
Nombre personal Martinez de Victoria Juguera, Manuel
Mención de responsabilidad trad.
910 ## - VALIDACIÓN
Validación Validado. Control de calidad MFF
942 ## - ADDED ENTRY ELEMENTS (KOHA)
Source of classification or shelving scheme Dewey Decimal Classification
Koha item type Libros
945 ## - INFORMACIÓN DE PROCESAMIENTO LOCAL
Información de procesamiento local Inventariado, 2017/MFF
956 ## - LOCAL ELECTRONIC LOCATION AND ACCESS (OCLC)
Nombre de host YLOCKWARD
Campo enlazado y núm. de secuencia 10
Información de compresión BPMSU
Existencias
Withdrawn status Lost status Source of classification or shelving scheme Damaged status Not for loan Collection code Home library Current library Date acquired Source of acquisition Total Checkouts Full call number Barcode Date last seen Price effective from Koha item type
    Dewey Decimal Classification     Colección General Biblioteca Pública Metropolitana Salomé Ureña Biblioteca Pública Metropolitana Salomé Ureña 07/27/2016 Sellar   618.1 N935g BPMSU16070667 07/27/2016 07/27/2016 Libros